Nákupné správanie seniorov bakalárska práca

Guardado en:
Detalles Bibliográficos
Autor principal: Tekulová, Barbora
Autor Corporativo: Obchodná fakulta EU. Katedra marketingu
Otros Autores: Krescanková, Michaela
Formato: Libro
Lenguaje:eslovaco
Publicado: Bratislava 2014
Etiquetas: Agregar Etiqueta
Sin Etiquetas, Sea el primero en etiquetar este registro!

MARC

LEADER 00000nbm a2200000 4500
001 0188203
005 20170201100520.4
041 0 |a slo 
044 |a SK 
245 1 0 |a Nákupné správanie seniorov  |b bakalárska práca  |c Barbora Tekulová ; školiteľ: Michaela Krescanková 
264 1 |a Bratislava  |c 2014 
300 |a 53 s. 
100 1 |a Tekulová, Barbora 
700 1 |a Krescanková, Michaela 
710 2 |a Obchodná fakulta EU. Katedra marketingu